| 000 | 01003nam a2200325 a 4500 | ||
|---|---|---|---|
| 001 | 000108422 | ||
| 003 | CHAP | ||
| 005 | 20220329144012.0 | ||
| 008 | 140211s2011 fluab |r| |||1|||eng|d | ||
| 010 | _a104884 | ||
| 011 | _a105856 | ||
| 020 | _a9781439826225 | ||
| 040 | _cCHAP | ||
| 082 | 0 | 4 |
_a628.55 _bS465 |
| 100 | 1 |
_aSelim, H. Magdi _9125221 |
|
| 245 | 1 | 0 |
_aDynamics and bioavailability of heavy metals in the rootzone / _cpor H. Magdi Selim. |
| 260 | 3 |
_aBoca Raton Fl. : _bCRC Press, _c2011. |
|
| 300 |
_axiv, 299 p. : _bil., maps. |
||
| 504 | _aIncluye: Referencias e index | ||
| 590 |
_aBATCH-UPD _b05 _c20140211 _lUCH01 _h1006 |
||
| 590 |
_aE11695DGD _b10 _c20140212 _lUCH01 _h0833 |
||
| 590 |
_aE792CSJ _b05 _c20140211 _lUCH01 _h1005 |
||
| 590 |
_aE792CSJ _b05 _c20140212 _lUCH01 _h1224 |
||
| 650 | 1 | 4 |
_aBioquímica de suelos. _9125403 |
| 650 | 1 | 4 |
_aMetales pesados _xEfecto en suelos. _975172 |
| 650 | 1 | 4 |
_aSuelos _xContaminación. _9110327 |
| 901 | _aBK | ||
| 942 | _cLIBRO | ||
| 942 | _n0 | ||
| 999 |
_c104884 _d104884 |
||